Normal view
MARC view
Entry Topical Term
001 - CONTROL NUMBER
- control field: 51981
003 - CONTROL NUMBER IDENTIFIER
- control field:
005 - DATE AND TIME OF LATEST TRANSACTION
- control field: 20210601181535.0
008 - FIXED-LENGTH DATA ELEMENTS
- fixed length control field: 210601|| aca||aabn | a|a d
040 ## - CATALOGING SOURCE
- Original cataloging agency:
- Transcribing agency:
150 ## - HEADING--TOPICAL TERM
- Topical term or geographic name entry element: Food industry and trade
- General subdivision: Waste disposal
- General subdivision: Congress
670 ## - SOURCE DATA FOUND
- Source citation: Work cat.: (): Symposium on processing agricultural and Municipal waste (1972: New York) 51977, Symposium:, 1973
